| Tag |
First Indicator |
Second Indicator |
Subfields |
| LEADER |
00000pam a2200000 a 4500 |
| 001 |
in00000085077 |
| 005 |
20151008055737.0 |
| 008 |
810902s1982 ilu d 00110 eng |
| 010 |
|
|
|a 81014505
|
| 020 |
|
|
|a 0673155420 :
|c $12.95 (est.)
|
| 035 |
|
|
|a (OCoLC)07795080
|
| 035 |
|
|
|9 AAJ4266AM
|
| 039 |
0 |
|
|a 2
|b 3
|c 3
|d 3
|e 3
|
| 040 |
|
|
|a DLC
|c DLC
|d TXA
|d UtOrBLW
|
| 049 |
|
|
|a TXAM
|
| 050 |
0 |
0 |
|a PE1408
|b .E293 1982
|
| 082 |
0 |
|
|a 808/.042
|2 19
|
| 100 |
1 |
|
|a Ebbitt, Wilma R.
|
| 245 |
1 |
0 |
|a Writer's guide and index to English /
|c Wilma R. Ebbitt, David R. Ebbitt.
|
| 250 |
|
|
|a 7th ed.
|
| 264 |
|
1 |
|a Glenview, Ill. :
|b Scott, Foresman,
|c [1982]
|
| 264 |
|
4 |
|c ©1982
|
| 300 |
|
|
|a xvi, 636 pages ;
|c 24 cm.
|
| 336 |
|
|
|a text
|b txt
|2 rdacontent
|
| 337 |
|
|
|a unmediated
|b n
|2 rdamedia
|
| 338 |
|
|
|a volume
|b nc
|2 rdacarrier
|
| 500 |
|
|
|a First part also published independently as: Writer's guide. 7th edition c1982.
|
| 500 |
|
|
|a Includes index.
|
| 650 |
|
0 |
|a English language
|x Rhetoric.
|
| 650 |
|
0 |
|a English language
|x Handbooks, manuals, etc.
|
| 700 |
1 |
|
|a Ebbitt, David R.,
|d 1919-
|
| 999 |
|
|
|a MARS
|
| 999 |
f |
f |
|s 688a793e-0899-3cea-b90a-c5fe44fca285
|i f81d3cf0-722d-3f96-8afb-968333e5ca49
|t 0
|
| 952 |
f |
f |
|p ric
|a Texas A&M University
|b Rellis Campus
|c Joint Library Facility
|d Remote Storage
|t 0
|e PE1408 .E293 1982
|h Library of Congress classification
|i unmediated -- volume
|m A14815138255
|
| 998 |
f |
f |
|a PE1408 .E293 1982
|t 0
|l Remote Storage
|